MARC

LEADER 00000nam0a2200000 4500
001 42593
005 20231031015530.0
035 |a (RuTPU)RU\TPU\book\43907 
090 |a 42593 
100 |a 20020910d1983 m y0rusy50 ca 
101 0 |a rus 
102 |a RU 
105 |a a j 001zy 
200 1 |a Обмоточные провода  |e учебное пособие  |f И. Б. Пешков 
210 |a Москва  |c Энергоатомиздат  |d 1983 
215 |a 350 с.  |c ил. 
320 |a Библиогр.: с. 342-344. 
451 1 |0 (RuTPU)RU\TPU\book\971  |y 5283006611  |t Обмоточные провода  |o учебник  |f И. Б. Пешков  |e 2-е изд., перераб. и доп.  |c Москва  |n Энергоатомиздат  |d 1995  |p 415 с.  |a Пешков, Изяслав Борисович 
610 1 |a электрические провода 
610 1 |a обмоточные провода 
610 1 |a учебные пособия 
675 |a 621.315(075.8)  |v 3 
700 1 |a Пешков  |b И. Б.  |g Изяслав Борисович 
801 1 |a RU  |b 63413507  |c 20020910  |g PSBO 
801 2 |a RU  |b 63413507  |c 20150421  |g PSBO 
900 |a Основы кабельной техники 
942 |c BK